| 000 | 00546nam a2200169Ia 4500 | ||
|---|---|---|---|
| 008 | 180921t2016 xxu||||| |||| 00| 0 sin d | ||
| 041 | _asin | ||
| 080 |
_aX8C2 _bCHA |
||
| 100 | _aChandradithya, Neranjan | ||
| 245 | _aරියැලිටි, සීගිරි කාශ්යප,තුන්මාසේ දානෙටවත් ……. | ||
| 246 | _aReality,Sigiri Kashyapa,Tunmase Danetawath…. | ||
| 260 |
_bGodage _aColombo _c2016 |
||
| 300 | _b104p, 21cm | ||
| 942 | _cBK | ||
| 999 |
_c1009 _d1009 |
||
| 003 | LK-CoDNM | ||
| 040 |
_aLK-CoDNM _dLK-CoDNM _eLK-CoDNM |
||